000 00494nam a2200181Ia 4500
008 100917s9999 xx 000 0 und d
082 _b29887
100 _aखानोलकर चिं. त्र्यं.
245 _aसं. अभोगी
260 _bअमेय प्रकाशन
_c1976
300 _a73
365 _b7
520 _aनाटक
630 _aसं. अभोगी
650 _aनाटक
730 _aसं. अभोगी
942 _cBOOK
999 _c635281
_d635278